Amazonia cidada:
Guardat en:
| Autor principal: | |
|---|---|
| Altres autors: | |
| Format: | Desconegut |
| Idioma: | Portuguese |
| Publicat: |
Brasília, Brasil:
MPAS,
2002.
|
| Matèries: | |
| Etiquetes: |
Afegir etiqueta
Sense etiquetes, Sigues el primer a etiquetar aquest registre!
|
MARC
| LEADER | 000000000a22000000004500 | ||
|---|---|---|---|
| 001 | 001047 | ||
| 008 | 170112s2002 bl ca|||r|||| 00| 0 por d | ||
| 020 | |a 8588219220 | ||
| 041 | 0 | |a portugues | |
| 082 | |a 368.4 |b A445a | ||
| 100 | 1 | |a Alvarez, Gabriel Omar | |
| 245 | 1 | 0 | |a Amazonia cidada: |a providencia social entre as populacoes tradicionais da regiao norte do Brasil / |c Gabriel Omar Álvarez |
| 260 | |a Brasília, Brasil: |b MPAS, |c 2002. | ||
| 300 | |a 195 páginas : |b principalmente ilustraciones, retratos a color | ||
| 500 | |a Número de inscripción 11505 (Colección George Yúdice) | ||
| 650 | 1 | 4 | |a SEGURIDAD SOCIAL |x CONDICIONES SOCIALES |x USOS Y COSTUMBRES |z AMAZONIA |
| 700 | 1 | 2 | |a Rynard, Nicolas |e fotográfo |
| 942 | |2 ddc |c BK | ||
| 999 | |c 2173 |d 2173 | ||



